| 000 | 01665cam a22004457a 4500 | ||
|---|---|---|---|
| 003 | CHAP | ||
| 005 | 20220329142439.0 | ||
| 008 | 010227d2000 mx r 00110 spa d | ||
| 010 | _a83624 | ||
| 011 | _a84596 | ||
| 020 | _a9688393029 | ||
| 035 | _a95121 | ||
| 040 | _cCHAP | ||
| 090 | _aFolleto 16165 | ||
| 100 | 0 | 0 |
_aFlores Hernández, Aurelia. _941582 |
| 245 | 1 | 0 |
_aEnfermedades "pasajeras" y de "gravedad"; género y salud en Sierra Santa Martha, Veracruz _c/por Aurelia Flores Hernández (y otros). |
| 260 |
_aMontecillo, Méx. : _bColegio de Postgraduados, _c2000. |
||
| 300 | _a46 p. | ||
| 490 | 0 |
_aComunicación en socioeconomía, estadística e informática _v; 4 (1) |
|
| 501 | _aEnc. con otro impreso | ||
| 590 |
_aBATCH-UPD _b10 _c20130110 _lUCH01 _h0250 |
||
| 590 |
_aBATCH-UPD _b10 _c20130110 _lUCH01 _h1610 |
||
| 590 |
_aBATCH-UPD _b10 _c20130409 _lUCH01 _h2321 |
||
| 590 |
_aBATCH-UPD _b10 _c20130410 _lUCH01 _h1631 |
||
| 590 |
_aBATCH-UPD _b10 _c20130913 _lUCH01 _h2350 |
||
| 590 |
_aBATCH-UPD _b10 _c20130914 _lUCH01 _h1833 |
||
| 590 |
_aCONVERSION _b10 _c20130109 _lUCH01 _h1346 |
||
| 650 | 1 | 4 |
_aEnfoque de género. _936945 |
| 650 | 1 | 4 |
_aMujer en comunidades rurales _xVeracruz. _979384 |
| 650 | 1 | 4 |
_aMujer _xSituación social _zVeracruz. _979347 |
| 700 | 0 |
_aAlberti Manzanares, Pilar. _93476 |
|
| 700 | 0 |
_aNazar, Austreberta. _980638 |
|
| 700 | 0 |
_aVázquez García, Verónica. _9120365 |
|
| 700 | 0 |
_aZapata Martelo, Emma. _9123641 |
|
| 830 | 0 | 0 |
_aComunicación en socioeconomía, estadística e informática _v; 4 (1) _926216 |
| 901 | _aBK | ||
| 905 | _aEdna Luz | ||
| 942 | _cFOLL | ||
| 949 |
_aFolleto 16165 _bBC _cUACH _d951212 _eUACH _i95121 _st |
||
| 999 |
_c83624 _d83624 |
||